| 000 -LEADER |
| fixed length control field |
01349nam a22003377a 4500 |
| 005 - DATE AND TIME OF LATEST TRANSACTION |
| control field |
20260416172126.0 |
| 008 - FIXED-LENGTH DATA ELEMENTS--GENERAL INFORMATION |
| fixed length control field |
260414b xxu||||| |||| 00| 0 eng d |
| 082 ## - DEWEY DECIMAL CLASSIFICATION NUMBER |
| Classification number |
792.4372 |
| Item number |
G814 2026 |
| 245 ## - TITLE STATEMENT |
| Title |
Greenland 2 : |
| Statement of responsibility, etc |
directed by Ric Roman Waugh ; produced by Brendon Boyea, Basil Iwaynk, Erica Lee ; written by Mitchell LaFortune and Chris Sparling. |
| Remainder of title |
Migration / |
| 260 ## - PUBLICATION, DISTRIBUTION, ETC. (IMPRINT) |
| Place of publication, distribution, etc |
United States : |
| Name of publisher, distributor, etc |
Anton, CineMachine Media Works, G-BASE, |
| Date of publication, distribution, etc |
2026. |
| 300 ## - PHYSICAL DESCRIPTION |
| Extent |
1 videofile, (ca. 98 mins.) : |
| Other physical details |
sound, color. |
| 520 ## - SUMMARY, ETC. |
| Summary, etc |
The surviving Garrity family must leave the safety of the Greenland bunker and embark on a perilous journey across the decimated frozen wasteland of Europe to find a new home. |
| 521 ## - TARGET AUDIENCE NOTE |
| Target audience note |
Rated PG-13 for some strong violence, bloody images, and action. |
| 546 ## - LANGUAGE NOTE |
| Language note |
In English subtitle. |
| 655 ## - INDEX TERM--GENRE/FORM |
| Genre/form data or focus term |
Sci-Fi |
| 655 ## - INDEX TERM--GENRE/FORM |
| Genre/form data or focus term |
Thriller |
| 655 ## - INDEX TERM--GENRE/FORM |
| Genre/form data or focus term |
Disaster |
| 655 ## - INDEX TERM--GENRE/FORM |
| Genre/form data or focus term |
Adventure |
| 655 ## - INDEX TERM--GENRE/FORM |
| Genre/form data or focus term |
Action |
| 655 ## - INDEX TERM--GENRE/FORM |
| Genre/form data or focus term |
Survival |
| 700 ## - ADDED ENTRY--PERSONAL NAME |
| Personal name |
Waugh, Ric Roman, director. |
| 700 ## - ADDED ENTRY--PERSONAL NAME |
| Personal name |
Boyea, Brendon, producer. |
| 700 ## - ADDED ENTRY--PERSONAL NAME |
| Personal name |
Iwanyk, Basil, producer. |
| 700 ## - ADDED ENTRY--PERSONAL NAME |
| Personal name |
Lee, Erica, producer. |
| 700 ## - ADDED ENTRY--PERSONAL NAME |
| Personal name |
LaFortune, Mitchell, writer. |
| 700 ## - ADDED ENTRY--PERSONAL NAME |
| Personal name |
Sparling, Chris, writer. |
| 700 ## - ADDED ENTRY--PERSONAL NAME |
| Personal name |
Butler, Gerard, star. |
| 700 ## - ADDED ENTRY--PERSONAL NAME |
| Personal name |
Baccarin, Morena, star. |
| 700 ## - ADDED ENTRY--PERSONAL NAME |
| Personal name |
Davis, Roman Griffin, star. |
| 942 ## - ADDED ENTRY ELEMENTS (KOHA) |
| Source of classification or shelving scheme |
|
| Item type |
Audio-Visual Materials |